Yog Paris (Record no. 329856)

MARC details
000 -LEADER
fixed length control field 00394nam a2200157Ia 4500
008 - FIXED-LENGTH DATA ELEMENTS--GENERAL INFORMATION
fixed length control field 230718s9999 xx 000 0 und d
041 ## - LANGUAGE CODE
Language code of text/sound track or separate title eng
082 ## - DEWEY DECIMAL CLASSIFICATION NUMBER
Classification number 891.46
Item number PAR
100 ## - MAIN ENTRY--PERSONAL NAME
Personal name Parate M.S.
245 ## - TITLE STATEMENT
Title Yog Paris
Remainder of title Bhag 1
260 ## - PUBLICATION, DISTRIBUTION, ETC. (IMPRINT)
Date of publication, distribution, etc. 2010
Name of publisher, distributor, etc. Parate Usha M.
300 ## - PHYSICAL DESCRIPTION
Extent 104
365 ## - TRADE PRICE
Currency code Rs.
Price amount 80.00
700 ## - ADDED ENTRY--PERSONAL NAME
Personal name Parate M.S.
906 ## - LOCAL DATA ELEMENT F, LDF (RLIN)
d O:0257815-Feb-2012B:10217-Jan-2012
c GENRL
b 16
Holdings
Withdrawn status Lost status Damaged status Not for loan Home library Current library Date acquired Vendor Budget Code Cost, normal purchase price Bill number Total Checkouts Full call number Barcode Date last seen Discount Cost, replacement price Bill Date Koha item type Original Barcode
        Cummins College of Engineering for Women Pune Cummins College of Engineering for Women Pune 08/02/2012 Yog Vidya Dham GENRL 72.00 102   891.46 CCEP-BK-41063 18/07/2023 16 80.00 17/01/2012 Books 041063